| 000 | 00507nam a22001697a 4500 | ||
|---|---|---|---|
| 003 | SISC | ||
| 005 | 20160222155328.0 | ||
| 008 | 140221t xxu||||| |||| 00| 0 eng d | ||
| 020 | _a0471144401 | ||
| 050 |
_aQC 6 _b.M478 1996 |
||
| 100 |
_aMcDermott, Lillian C. _930563 |
||
| 245 |
_aPhysics by inquiry : _ban introduction to physics and the physical sciences / _cLillian C. McDermott. |
||
| 260 |
_aNew York : _bWiley, _c1996. |
||
| 300 |
_a379 p. : _bill. ; _c35 cm. |
||
| 942 |
_2lcc _cBK |
||
| 999 |
_c42320 _d42320 |
||